Inventario y caracterización de los ojos de aguasal en el centro de Antioquia (Registro nro. 2153)

Detalles MARC
000 -CABECERA
Campo de control 00672nam a2200205 a 4500
005 - FECHA Y HORA DE LA ULTIMA TRANSACCION
Campo de control 20191224041625.0
008 - ELEMENTOS DE LONGITUD FIJA—INFORMACION GENERAL
Campo de control 140304s1997 ck o gr|||| 000 0 spa d
040 ## - FUENTE DE CATALOGACIÓN
Agencia catalogadora original CO-BoIAVH
Agencia transcriptora CO-BoIAVH
041 0# - IDIOMA
Código de idioma para texto/pista de sonido o título separado Español
044 ## - PAÍS DE PUBLICACIÓN
País de publicación Colombia
082 04 - NUMERO DE CLASIFICACION DECIMAL DEWEY
Número de clasificación 355.62132
Número del ítem C82i
110 2# - ASIENTO PRINCIPAL--NOMBRE CORPORATIVO
Unidad subordinad Corporación Autónoma Regional del Centro de Antioquia
9 (RLIN) 3943
245 10 - MENCION DE TITULO
Título Inventario y caracterización de los ojos de aguasal en el centro de Antioquia
260 ## - PUBLICACION, DISTRIBUCION, ETC. (PIE DE IMPRENTA)
Lugar de publicación, distribución, etc. Medellín
Nombre del editor, distribuidor, etc. CORANTIOQUIA
Fecha de publicación, distribución, etc. 1997
300 ## - DESCRIPCION FISICA
Extensión 32 páginas :
Otros detalles físicos Fotografías ;
Dimensiones 28 x 22 cm.
650 #6 - ASIENTO SECUNDARIO DE MATERIA - TERMINO TEMATICO
Término temático o nombre geográfico como elemento de entrada Ecosistemas acuáticos
9 (RLIN) 54071
650 #6 - ASIENTO SECUNDARIO DE MATERIA - TERMINO TEMATICO
Término temático o nombre geográfico como elemento de entrada Fuentes salinas
9 (RLIN) 14791
662 ## - ASIENTO SECUNDARIO DE MATERIA - JERARQUIA DEL NOMBRE DE LUGAR(
País o entidad mayor Colombia
Jurisdicción política de primer orden Antioquia
942 ## - ELEMENTOS ADICIONALES (KOHA)
Tipo de ítem Libro
Sistema de clasificación Dewey Decimal Classification
Existencias
Withdrawn status Lost status Sistema de Clasificación Damaged status No para préstamo Colección Inventariado Ubicación Permanente Ubicación actual Fecha de adquisición Fuente de Valor Valor Total Checkouts Número topográfico Inventario / Código de Barras Date last seen Ejemplar Price effective from Forma de adquisición Tipo de material
    Dewey Decimal Classification     General Inventariado 2017 Bogotá Bogotá 09/03/2001 Instituto 39000.00   LB-355.62132 C82i 002723 04/12/2012 Ej. 1 04/12/2012   Libro